Esophageal Motility Study in Healthy Control Subjects / (Record no. 179148)

MARC details
000 -LEADER
fixed length control field 01375namaa22003251i 4500
005 - أخر تعامل مع التسجيلة
control field 20260402123834.0
008 - FIXED-LENGTH DATA ELEMENTS--GENERAL INFORMATION
fixed length control field 260402s1995 ua a|||frm||| 000 0 eng d
040 ## - CATALOGING SOURCE
Original cataloguing agency EG-GICUC
Language of cataloging eng
Transcribing agency EG-GICUC
Modifying agency EG-GICUC
Description conventions rda
041 0# - LANGUAGE CODE
Language code of text/sound track or separate title eng
Language code of summary or abstract eng
-- ara
049 ## - Acquisition Source
Acquisition Source Deposit
097 ## - Degree
Degree M.Sc
099 ## - LOCAL FREE-TEXT CALL NUMBER (OCLC)
Local Call Number Cai01.11.14.M.Sc.1995.Os.E
100 0# - MAIN ENTRY--PERSONAL NAME
Authority record control number or standard number Osama Mohamed Ramadan Shahein,
Preparation preparation.
245 10 - TITLE STATEMENT
Title Esophageal Motility Study in Healthy Control Subjects /
Statement of responsibility, etc. By Osama Mohamed Ramadan Shahein ; Supervisors Prof. Dr. Abdel Moeti Hussein Ali, Dr. Ibraheem Galal Khalifa, Dr. Wafik Morsy Sabae
246 15 - VARYING FORM OF TITLE
Title proper/short title دراسة حركية المرى عند الاصحاء
264 #0 - PRODUCTION, PUBLICATION, DISTRIBUTION, MANUFACTURE, AND COPYRIGHT NOTICE
Date of production, publication, distribution, manufacture, or copyright notice 1995.
300 ## - PHYSICAL DESCRIPTION
Extent 101 Leaves
Other physical details illustrations
Dimensions 30 cm. +
336 ## - CONTENT TYPE
Source rda content
Content type term text
337 ## - MEDIA TYPE
Source rdamedia
Media type term Unmediated
338 ## - CARRIER TYPE
Source rdacarrier
Carrier type term volume
502 ## - DISSERTATION NOTE
Dissertation note Thesis (M.Sc.)-Cairo University, 1995
504 ## - BIBLIOGRAPHY, ETC. NOTE
Bibliography, etc. note Bibliography: pages 91-101
653 #0 - INDEX TERM--UNCONTROLLED
Uncontrolled term Esophageal Motility Study in Healthy Control Subjects
700 0# - ADDED ENTRY--PERSONAL NAME
Personal name Abdel Moeti Hussein Ali
Relator term thesis advisor.
700 0# - ADDED ENTRY--PERSONAL NAME
Personal name Ibraheem Galal Khalifa
Relator term thesis advisor.
700 0# - ADDED ENTRY--PERSONAL NAME
Personal name Wafik Morsy Sabae
Relator term thesis advisor.
900 ## - Thesis Information
Department Department of General Surgery
Faculties Faculty of Medicine
Universities Cairo University
Grant date 1995
Supervisory body Abdel Moeti Hussein Ali
-- Ibraheem Galal Khalifa
-- Wafik Morsy Sabae
905 ## - Cataloger and Reviser Names
Cataloger Name Nehad
942 ## - ADDED ENTRY ELEMENTS (KOHA)
Source of classification or shelving scheme Dewey Decimal Classification
Koha item type Thesis
Edition 21
Suppress in OPAC No
Holdings
Source of classification or shelving scheme Home library Current library Date acquired Inventory number Full call number Barcode Date last seen Effective from Koha item type
Dewey Decimal Classification المكتبة المركزبة الجديدة - جامعة القاهرة مكتبة المئوية 02.04.2026 26954 Cai01.11.14.M.Sc.1995.Os.E 01010110026954000 02.04.2026 02.04.2026 Thesis
Cairo University Libraries Portal Implemented & Customized by: Eng. M. Mohamady Contacts: new-lib@cl.cu.edu.eg | cnul@cl.cu.edu.eg
CUCL logo CNUL logo
© All rights reserved — Cairo University Libraries
CUCL logo
Implemented & Customized by: Eng. M. Mohamady Contact: new-lib@cl.cu.edu.eg © All rights reserved — New Central Library
CNUL logo
Implemented & Customized by: Eng. M. Mohamady Contact: cnul@cl.cu.edu.eg © All rights reserved — Cairo National University Library